Isthmian League 2026-27 Premier Division Teams - Statistics

General Stats
  • This quiz has been taken 2 times
  • The average score is 8 of 22
Answer Stats
County Answer % Correct
London Carshalton Athletic
100%
Essex Brentwood Town
50%
West Sussex Burgess Hill Town
50%
Kent Chatham Town
50%
Hertfordshire Cheshunt
50%
Kent Dartford
50%
London Dulwich Hamlet
50%
East Sussex Eastbourne Borough
50%
East Sussex Lewes
50%
Essex Maldon and Tiptree
50%
Kent Ramsgate
50%
Hertfordshire St Albans City
50%
West Sussex Three Bridges
50%
East Sussex Whitehawk
50%
London Wingate and Finchley
50%
Surrey AFC Whyteleafe
0%
Essex Aveley
0%
London Cray Wanderers
0%
London Enfield Town
0%
Surrey Leatherhead
0%
Essex Stanway Rovers
0%
London Welling United
0%
No matching quizzes found
Score Distribution
Percent of People with Each Score
Percentile by Number Answered
Your Score History
You have not taken this quiz